Famous Animated Voices by Picture - Statistics

General Stats
  • This quiz has been taken 87 times
  • The average score is 8 of 11
Answer Stats
Picture Hint Answer % Correct
Moana Dwayne "The Rock" Johnson
96%
Kung Fu Panda,Kung Fu Panda 2, Kung Fu Panda 3 Jack Black
86%
Toystory, Toystory 2,Cars,Toystory 3,Toystory 4 Tom Hanks
85%
The Croods,The Croods: A New Age Emma Stone
79%
The Croods, The Croods: A New Age, Teen Titants Go! To The Movies, Spider-Man Into The Spider-Verse Nicolas Cage
79%
Sing Scarlett Johansson
72%
Atlantis, Atlantis: The Lost Empire Michael J. Fox
69%
Shrek,Shrek 2,Shrek the Third,Shrek:Forever After Mike Myers
69%
Flushed Away, Happy Feet, Rise of the Guardians, Missing Link Hugh Jackman
68%
Flushed Away Sir Ian McKellan
56%
The Lion King,The Lion King 1/2, The Lion King 2: Simba's Pride Matthew Broderick
50%
No matching quizzes found
Score Distribution
Percent of People with Each Score
Percentile by Number Answered
Your Score History
You have not taken this quiz